Представление документа в формате MARC21

Поле Инд. ПП Название Значение
Тип записи a
Библиографический уровень b
001 Контрольный номер RU/IS/BASE/125070709
005 Дата корректировки 20220428142626.3
084 a Индекс другой классификации/Индекс ББК 65.051; 65.03(2)6
100 1_ a Автор Пономаренко А. Н.
q Полное имя Пономаренко Алексей Н.
245 10 a Заглавие Исторические национальные счета России: 1961 - 1990
n Номер части/ раздела Гл. 2
p Название части/ раздела Реконструкция ретроспективного ВВП России в текущих ценах
500 a Примечание Начало см.: 2000, Т. 4, № 4. - Продолжение следует
504 a Библиография Лит.: с. 80-82. - Прил. - Примеч.
520 0_ a Аннотация "Во этой главе автор представляет общие идеи, на которых основан расчет показателей ретроспективного ВВП России в текущих ценах. Речь идет о расчетах ВВП двумя методами: производственным методом и методом расходов. В рамках данного проекта были осуществлены расчеты также других показателей системы национальных счетов (СНС), однако методология расчета этих показателей не включена в статью. Подробное их изложение будет дано при опубликовании книжной версии работы. Представлены советские военные расходы в оценке ЦРУ."
650 04 a Основная рубрика экономика
a Основная рубрика экономическая история (история хозяйства)
a Основная рубрика экономическая статистика
653 0_ a Ключевые слова баланс народного хозяйства
a Ключевые слова валовой внутренний продукт (ВВП)
a Ключевые слова добавленная стоимость
a Ключевые слова история экономической статистики
a Ключевые слова макроэкономическая статистика
a Ключевые слова метод производственного расчета
a Ключевые слова метод расходов
a Ключевые слова методология экономической статистики
a Ключевые слова национальные счета
a Ключевые слова оборотные средства
a Ключевые слова основная цена
a Ключевые слова основной капитал
a Ключевые слова основные фонды
a Ключевые слова потребление
a Ключевые слова военные расходы
a Ключевые слова расчет ВВП
a Ключевые слова Россия
a Ключевые слова рыночная цена
a Ключевые слова система национальных счетов (СНС)
a Ключевые слова советская статистика
a Ключевые слова СССР
a Ключевые слова статистические показатели
a Ключевые слова стоимость
a Ключевые слова текущая цена
a Ключевые слова советский период
773 18 t Заглавие источника Экономический журнал ВШЭ
d Дата издания источника 2001
g Прочая информация Т. 5, № 1. - С. 57 - 82 : стат. табл.
w Контрольный № источника RU/IS/BASE/138116341
901 t Тип документа b